Southville International School and Colleges
Your cart is empty.
  • Cart
  • Lists
    Public lists Eva Luna New books Lux_list list_1
    Your lists Log in to create your own lists
  • Log in to your account
  • Your cookies
  • Search history
Southville International School and Colleges
  • Advanced search
  • Recent comments
  • Most popular
  • Libraries

Log in to your account

Log in with GOOGLE


If you do not have an external account, but do have a local account, you can still log in:

  1. Home
  2. MARC view: Applied strategic planning :
Normal view MARC view ISBD view

Applied strategic planning : (Record no. 23376)

[ view plain ]
MARC details
000 -LEADER
fixed length control field 00654nam a2200229 a 4500
005 - DATE AND TIME OF LATEST TRANSACTION
control field 20140310183450.0
008 - FIXED-LENGTH DATA ELEMENTS--GENERAL INFORMATION
fixed length control field 090120s19uu xx 00 eng d
020 ## - INTERNATIONAL STANDARD BOOK NUMBER
International Standard Book Number 13:9780787988524
050 ## - LIBRARY OF CONGRESS CALL NUMBER
Classification number HD 30.28
Item number .G66 2008
100 ## - MAIN ENTRY--PERSONAL NAME
Personal name Nolan, Timothy M.
245 ## - TITLE STATEMENT
Title Applied strategic planning :
Remainder of title an introduction /
Statement of responsibility, etc Timothy M. Nolan
250 ## - EDITION STATEMENT
Edition statement 2nd ed.
260 ## - PUBLICATION, DISTRIBUTION, ETC. (IMPRINT)
Place of publication, distribution, etc San Francisco, California :
Name of publisher, distributor, etc Pfeiffer,
Date of publication, distribution, etc 2008.
300 ## - PHYSICAL DESCRIPTION
Extent 142 p. :
Other physical details ill. ;
Dimensions 28 cm.
521 ## - TARGET AUDIENCE NOTE
Target audience note
650 ## - SUBJECT ADDED ENTRY--TOPICAL TERM
Topical term or geographic name as entry element BSBA.
650 ## - SUBJECT ADDED ENTRY--TOPICAL TERM
Topical term or geographic name as entry element Strategic planning.
700 ## - ADDED ENTRY--PERSONAL NAME
Personal name Goodstein, Leonard D.
700 ## - ADDED ENTRY--PERSONAL NAME
Personal name Goodstein, Jeanette
942 ## - ADDED ENTRY ELEMENTS (KOHA)
Koha item type Books
Source of classification or shelving scheme Library of Congress Classification
Call number prefix Foreign
Holdings
Withdrawn status Lost status Source of classification or shelving scheme Damaged status Home library Current library Shelving location Date acquired Source of acquisition Cost, normal purchase price Total Checkouts Full call number Barcode Date last seen Copy number Price effective from Koha item type
    Library of Congress Classification   College Library College Library General Circulation Section 01/20/2009 Donation 1647.00   HD 30.28 .G66 2008 C10052 05/15/2018 1 10/18/2013 Books

Applied strategic planning :

APA

Nolan T. M., Goodstein L. D. & Goodstein J. (2008). Applied strategic planning. San Francisco, California: Pfeiffer.

Chicago

Nolan Timothy M, Goodstein Leonard D and Goodstein Jeanette. 2008. Applied strategic planning. San Francisco, California: Pfeiffer.

Harvard

Nolan T. M., Goodstein L. D. and Goodstein J. (2008). Applied strategic planning. San Francisco, California: Pfeiffer.

MLA

Nolan Timothy M, Goodstein Leonard D and Goodstein Jeanette. Applied strategic planning. San Francisco, California: Pfeiffer. 2008.

  • Place hold
  • Print
  • Cite
  • Add to your cart (remove)
  • Save record
    BIBTEX Dublin Core MARCXML MARC (non-Unicode/MARC-8) MARC (Unicode/UTF-8) MARC (Unicode/UTF-8, Standard) MODS (XML) RIS
  • More searches
    Search for this title in:
    Other Libraries (WorldCat) Other Databases (Google Scholar) Online Stores (Bookfinder.com) Open Library (openlibrary.org)

Exporting to Dublin Core...

SOUTHVILLE LIBRARY

Southville International School and Colleges Library

1281 Tropical Ave. Cor. Luxembourg St., BF Homes International, Las Pinas City

Tel. No. 8256374 / 252358 Loc. 117/146

Powered by Koha